British humanities index 1996 (Record no. 2116)

MARC details
000 -LEADER
fixed length control field 00276nam a2200121Ia 4500
020 ## - INTERNATIONAL STANDARD BOOK NUMBER
ISBN 1-85739-206-X
082 ## - DEWEY DECIMAL CLASSIFICATION NUMBER
Classification number RR 016.052 BRI
245 #0 - TITLE STATEMENT
Title British humanities index 1996
260 ## - PUBLICATION, DISTRIBUTION, ETC. (IMPRINT)
Place of publication London
Name of publisher Bowker Saur
Year of publication 1997
300 ## - PHYSICAL DESCRIPTION
Number of Pages 1084p.
710 ## - ADDED ENTRY--CORPORATE NAME
Corporate name or jurisdiction name as entry element Duffus, Lyn ed.
942 ## - ADDED ENTRY ELEMENTS (KOHA)
Koha item type Books
Holdings
Withdrawn status Lost status Damaged status Not for loan Home library Current library Date acquired Bill Date Full call number Accession Number Price effective from Koha item type
        NASSDOC Library NASSDOC Library 08/10/2004 2008-12-30 RR 016.052 BRI 36253 18/04/2019 Books